Recursive number theory : a development of recursive arithmetic in a logic-free equation calculus /
Guardado en:
| Autor Principal: | |
|---|---|
| Formato: | Libro |
| Idioma: | English |
| Publicado: |
Amsterdam :
North-Holland,
1957.
|
| Series: | Studies in logic and the foundations of mathematics
|
| Etiquetas: |
Agregar Etiqueta
Sin Etiquetas, Sea el primero en etiquetar este registro!
|
| LEADER | 00657nam a22001815a 4500 | ||
|---|---|---|---|
| 001 | MAT.inmabb000324 | ||
| 008 | 841120s1957####ne#######b####000#0#eng## | ||
| 005 | 20110228180919.0 | ||
| 245 | 1 | 0 | |a Recursive number theory : |b a development of recursive arithmetic in a logic-free equation calculus / |c by R. L. Goodstein. |
| 260 | |a Amsterdam : |b North-Holland, |c 1957. | ||
| 300 | |a xii, 190 p. ; |c 22 cm. | ||
| 440 | 0 | |a Studies in logic and the foundations of mathematics | |
| 504 | |a Bibliography: p. 188. | ||
| 510 | 4 | |a MR, |c 21 #1272 | |
| 100 | 1 | |a Goodstein, R. L. |q (Reuben Louis) | |
| 084 | |a 03Dxx |2 msc2000 | ||
| 010 | |a 58004618 | ||
| 859 | |h 03 |i G655 |p A-59 |b BIB. MATEMATICA | ||
